书目信息 |
| 题名: |
修篱筑道
|
|
| 作者: | ;梁晨 译 ;株式会社主妇之友社 著 | |
| 分册: | ||
| 出版信息: | 北京 中国水利水电出版社 2017 |
|
| 页数: | 137页 | |
| 开本: | 24cm | |
| 丛书名: | ||
| 单 册: | ||
| 中图分类: | TU986.5 | |
| 科图分类: | ||
| 主题词: | 庭院--ting yuan--园林设计 | |
| 电子资源: | ||
| ISBN: | 978-7-5170-5517-4 | |
| 000 | 01159nam0 2200289 450 | |
| 001 | 012001003401 | |
| 005 | 20140130142312.0 | |
| 010 | @a978-7-5170-5517-4@dCNY50.00 | |
| 099 | @aCAL 012017129660 | |
| 100 | @a20170831d2017 ekmy0chiy50 ea | |
| 101 | 1 | @achi@cjpn |
| 102 | @aCN@b110000 | |
| 105 | @aa z 000yy | |
| 106 | @ar | |
| 200 | 1 | @a修篱筑道@Axiu li zhu dao@e家庭庭院的设计与布置@f(日) 株式会社主妇之友社著@g梁晨译 |
| 210 | @a北京@c中国水利水电出版社@d2017 | |
| 215 | @a137页@c彩图@d24cm | |
| 306 | @a通过韩国爱力阳版权代理公司代理,经日本株式会社主妇之友社授权出版中文简体字版本 | |
| 330 | @a本书能够给初次尝试家庭园艺设计的人提供详尽的指导。在介绍庭院设计基础时,采用大量图片与示例,操作简单,效果美观;在介绍庭院植物时,充分考虑到初学者的状况,选择的植物多以容易栽培的种类为主。 | |
| 333 | @a园艺设计人员 | |
| 517 | 1 | @a家庭庭院的设计与布置@Ajia ting ting yuan de she ji yu bu zhi |
| 606 | 0 | @a庭院@Ating yuan@x园林设计 |
| 690 | @aTU986.5@v5 | |
| 702 | 0 | @a梁晨@Aliang chen@4译 |
| 711 | 02 | @a株式会社主妇之友社@Azhu shi hui she zhu fu zhi you she@4著 |
| 801 | 2 | @aCN@b北京卓展@c20191020 |
| 905 | @b1211503-6@dTU986.5@e1581@f4 | |
| 修篱筑道:家庭庭院的设计与布置/(日) 株式会社主妇之友社著/梁晨译.-北京:中国水利水电出版社,2017 |
| 137页:彩图;24cm |
| 使用对象:园艺设计人员 |
| ISBN 978-7-5170-5517-4:CNY50.00 |
| 本书能够给初次尝试家庭园艺设计的人提供详尽的指导。在介绍庭院设计基础时,采用大量图片与示例,操作简单,效果美观;在介绍庭院植物时,充分考虑到初学者的状况,选择的植物多以容易栽培的种类为主。 |
| ● |
| 相关链接 |
|
|
|
|
正题名:修篱筑道
索取号:TU986.5/1581
 
预约/预借
| 序号 | 登录号 | 条形码 | 馆藏地/架位号 | 状态 | 备注 |
| 1 | 1211503 | 212115030 | 第二样本阅览室/ [索取号:TU986.5/1581] | 在馆 | |
| 2 | 1211504 | 212115049 | 第三借阅区/ [索取号:TU986.5/1581] | 在馆 | |
| 3 | 1211505 | 212115058 | 第三借阅区/ [索取号:TU986.5/1581] | 在馆 | |
| 4 | 1211506 | 212115067 | 第三借阅区/ [索取号:TU986.5/1581] | 在馆 |